Weirs and flumes for flow measurement

Guardat en:
Dades bibliogràfiques
Autors principals: Ackers, Peter (Autor), White, W. R (Autor), Perkins, J. A (Autor), Harrison, A. J (Autor)
Format: Llibre
Idioma:anglès
Publicat: Chichester John Wiley 1978
Matèries:
Etiquetes: Afegir etiqueta
Sense etiquetes, Sigues el primer a etiquetar aquest registre!

MARC

LEADER 00000nam a2200000 a 4500
001 UCY3689
003 CL-VaPUC
008 950112e19780000UK |||||||||||||||||eng|d
082 0 4 |a 627  |b ACK  |2 21 
100 0 |a Ackers, Peter  |e author  |9 332050 
700 0 |a White, W. R  |e author  |9 332051 
700 0 |a Perkins, J. A  |e author  |9 332052 
700 0 |a Harrison, A. J  |e author  |9 332053 
245 1 0 |a Weirs and flumes for flow measurement 
300 |a 327 p 
942 |c BK 
945 |d 19950112 00:00:00  |a mfernand 
260 |a Chichester  |b John Wiley  |c 1978 
650 7 |a CORRIENTES DE AGUA MEDICIONES  |2 CL-VaPUC  |9 332054 
650 0 |a Vertederos  |9 332055 
583 |a last modification  |c 19950112 00:00:00  |k Rodrigo Vera 
999 |c 231753  |d 231751 
952 |0 0  |1 0  |4 0  |6 627_000000000000000_ACK_1978  |7 0  |8 CCM  |9 235409  |a BIBCUR  |b BIBCUR  |d 2019-11-15  |i 3051897  |o 627 ACK 1978  |p 3051897  |r 2025-04-22  |w 2019-11-15  |y BK  |k CIM